Law, property, and marital dissolution (Record no. 40663)

000 -LEADER
fixed length control field 00960pab a2200157 454500
008 - FIXED-LENGTH DATA ELEMENTS--GENERAL INFORMATION
fixed length control field 180718b1999 xxu||||| |||| 00| 0 eng d
100 ## - MAIN ENTRY--PERSONAL NAME
Personal name Clark, Simon
245 ## - TITLE STATEMENT
Title Law, property, and marital dissolution
260 ## - PUBLICATION, DISTRIBUTION, ETC.
Date of publication, distribution, etc. 1999
300 ## - PHYSICAL DESCRIPTION
Extent p.C41-54
362 ## - DATES OF PUBLICATION AND/OR SEQUENTIAL DESIGNATION
Dates of publication and/or sequential designation Mar
520 ## - SUMMARY, ETC.
Summary, etc. This paper challenges the view that legal rights are not important in affecting whether people divorce, but it puts as much emphasis on property rights (given, for example, by the law on alimony) as on dissolution rights. The paper sets out two stylised models of marriage and examines the consequences of fuller compensation for economic sacrifices made during marriage. If the dominant economic issue in a marriage is who undertakes household tasks then a law giving fuller compensation makes divorce more likely. If the dominant issue is child custody, divorce is less likely. - Reproduced
650 ## - SUBJECT ADDED ENTRY--TOPICAL TERM
Topical term or geographic name entry element Family disorganization
773 ## - HOST ITEM ENTRY
Main entry heading Economic Journal
909 ## -
-- 40663
Holdings
Withdrawn status Lost status Damaged status Not for loan Permanent Location Current Location Date acquired Serial Enumeration / chronology Barcode Date last seen Price effective from Koha item type
        Indian Institute of Public Administration Indian Institute of Public Administration 2018-07-19 Volume no: 109, Issue no: 454 AR41038 2018-07-19 2018-07-19 Articles

Powered by Koha